[Event "Hennebont Grand Prix U14"]
[Site "Hennebont"]
[Date "2006.08.06"]
[Round "4"]
[White "Candalh, Pierre"]
[Black "Ginovart, Axel"]
[Result "0-1"]
[WhiteElo "1380"]
[BlackElo "1240"]
[PlyCount "48"]
[EventDate "2006.08.06"]
[EventType "swiss"]
[EventRounds "7"]
[EventCountry "FRA"]
[SourceTitle "EXT 2008"]
[Source "ChessBase"]
[SourceDate "2007.11.25"]
[SourceVersion "1"]
[SourceVersionDate "2007.11.25"]
[SourceQuality "1"]

1. e4 e5 2. Nf3 Nc6 3. Bc4 Bc5 4. 0-0 Nf6 5. Nc3 d6 6. d3 Bg4 7. Bg5 Nd4 8. Nd5 Nxf3+ 9. Kh1 Nxh2 10. Nxf6+ gxf6 11. f3 Bxf3 12. Rxf3 Nxf3 13. Qxf3 Qe7 14. Bxf6 Qf8 15. Bxh8 f6 16. Qh5+ Kd8 17. Qxh7 Qe7 18. Qg8+ Qe8 19. Bxf6+ Kd7 20. Qg7+ Kc6 21. Bd5+ Kb6 22. b4 Bd4 23. Rc1 Qh5+ 24. Bh4 Qxh4# 0-1